[Event "Arco op 41st"]
[Site "Arco"]
[Date "2019.10.06"]
[Round "3"]
[White "Privitera, Franco"]
[Black "Satter, Manfred"]
[Result "1-0"]
[WhiteElo "1950"]
[BlackElo "1706"]
[PlyCount "49"]
[EventDate "2019.10.04"]
[EventType "swiss"]
[EventRounds "9"]
[EventCountry "ITA"]
[SourceTitle "EXT 2020"]
[Source "ChessBase"]
[SourceDate "2019.10.17"]
[SourceVersion "1"]
[SourceVersionDate "2019.10.17"]
[SourceQuality "1"]

1. e4 c5 2. Nf3 Nc6 3. d4 cxd4 4. Nxd4 Nf6 5. Nc3 g6 6. Be3 Bg7 7. f3 0-0 8. Qd2 d5 9. Nxc6 bxc6 10. 0-0-0 e6 11. Bh6 a5 12. Bxg7 Kxg7 13. h4 a4 14. h5 Ng8 15. g4 h6 16. g5 Qxg5 17. f4 Qe7 18. Rg1 Rd8 19. exd5 cxd5 20. Bd3 Qb4 21. a3 Qa5 22. Bxg6 fxg6 23. Rxg6+ Kf7 24. Qd4 Ke7 25. f5 1-0

[Event "Arco op 41st"]
[Site "Arco"]
[Date "2019.10.04"]
[Round "1"]
[White "Verrascina, Roberto"]
[Black "Satter, Manfred"]
[Result "1-0"]
[WhiteElo "2100"]
[BlackElo "1706"]
[PlyCount "55"]
[EventDate "2019.10.04"]
[EventType "swiss"]
[EventRounds "9"]
[EventCountry "ITA"]
[SourceTitle "EXT 2020"]
[Source "ChessBase"]
[SourceDate "2019.10.17"]
[SourceVersion "1"]
[SourceVersionDate "2019.10.17"]
[SourceQuality "1"]

1. d4 Nf6 2. Bg5 e6 3. e4 Be7 4. Bd3 0-0 5. Nf3 h6 6. Bh4 d6 7. 0-0 b6 8. Qe2 Bb7 9. Nbd2 Nh5 10. Bxe7 Qxe7 11. Qe3 Nf6 12. e5 Nfd7 13. Rad1 d5 14. c3 c5 15. Rfe1 Nc6 16. Qf4 Rac8 17. Nf1 Rc7 18. Ng3 Rfc8 19. dxc5 bxc5 20. Nh5 Qf8 21. g4 g6 22. Ng3 Qg7 23. h4 Ne7 24. Re2 Rc6 25. Kh2 c4 26. Bb1 Nc5 27. Rg1 Rb6 28. Nh5 1-0

[Event "Arco op 40th"]
[Site "Arco"]
[Date "2018.10.14"]
[Round "2"]
[White "Satter, Manfred"]
[Black "Verrascina, Roberto"]
[Result "0-1"]
[WhiteElo "1724"]
[BlackElo "2122"]
[PlyCount "62"]
[EventDate "2018.10.13"]
[EventType "swiss"]
[EventRounds "9"]
[EventCountry "ITA"]
[SourceTitle "CBM 186 Extra"]
[Source "ChessBase"]
[SourceDate "2018.08.24"]
[SourceVersion "1"]
[SourceVersionDate "2018.08.24"]
[SourceQuality "1"]

1. Nf3 g6 2. c4 Bg7 3. g3 Nf6 4. Bg2 d6 5. Nc3 c6 6. 0-0 0-0 7. d3 Bg4 8. h3 Bxf3 9. Bxf3 Nbd7 10. Bg2 Qc7 11. Bd2 h6 12. b4 Rac8 13. Rc1 e6 14. a4 Rfd8 15. b5 Nf8 16. Qb3 e5 17. Be3 c5 18. Nd5 Nxd5 19. Bxd5 Qd7 20. Kh2 Ne6 21. Qd1 Kh7 22. Bd2 f5 23. e3 b6 24. f4 Nc7 25. Qf3 Nxd5 26. Qxd5 Re8 27. Rce1 e4 28. Rd1 Qe6 29. dxe4 Qxe4 30. Qxe4 Rxe4 31. Rc1 d5 0-1

[Event "Pfalz-ch HT3 87th"]
[Site "Landau"]
[Date "2018.03.30"]
[Round "6"]
[White "Bergner, Rainer"]
[Black "Satter, Manfred"]
[Result "1/2-1/2"]
[WhiteElo "1479"]
[BlackElo "1651"]
[PlyCount "55"]
[EventDate "2018.03.23"]
[EventType "swiss"]
[EventRounds "7"]
[EventCountry "GER"]
[SourceTitle "EXT 2019"]
[Source "ChessBase"]
[SourceDate "2018.10.10"]
[SourceVersion "1"]
[SourceVersionDate "2018.10.10"]
[SourceQuality "1"]

1. d4 Nf6 2. Nf3 d5 3. e3 h6 4. a3 Bf5 5. Nbd2 e6 6. c4 c6 7. b3 Be7 8. Bb2 0-0 9. Be2 Nbd7 10. 0-0 Ne8 11. Ne5 Nxe5 12. dxe5 Bh7 13. b4 f6 14. Nf3 fxe5 15. Nxe5 Bf6 16. c5 Qc7 17. f4 Bxe5 18. Bxe5 Qf7 19. Rf3 Be4 20. Rg3 Kh7 21. h4 Nf6 22. Rh3 Rg8 23. Kh2 Nd7 24. Bd4 Raf8 25. Bd3 Bxd3 26. Qxd3+ Qf5 27. Qe2 Nf6 28. Rg1 1/2-1/2

[Event "Pfalz-ch HT3 87th"]
[Site "Landau"]
[Date "2018.03.30"]
[Round "5"]
[White "Satter, Manfred"]
[Black "Zwick, Jonas"]
[Result "0-1"]
[WhiteElo "1651"]
[BlackElo "2030"]
[PlyCount "70"]
[EventDate "2018.03.23"]
[EventType "swiss"]
[EventRounds "7"]
[EventCountry "GER"]
[SourceTitle "EXT 2019"]
[Source "ChessBase"]
[SourceDate "2018.10.10"]
[SourceVersion "1"]
[SourceVersionDate "2018.10.10"]
[SourceQuality "1"]

1. Nf3 c5 2. c4 Nc6 3. g3 g6 4. Bg2 Bg7 5. 0-0 e5 6. Nc3 Nge7 7. d3 0-0 8. Bd2 d6 9. a3 h6 10. Rb1 Be6 11. e4 f5 12. b4 Qd7 13. Ne1 f4 14. Nd5 g5 15. f3 h5 16. gxf4 exf4 17. Bc3 Nd4 18. Nc2 Nec6 19. Nxd4 Nxd4 20. Qd2 Be5 21. Kf2 Qg7 22. Bxd4 Bxd4+ 23. Ke2 Rae8 24. Kd1 Kh8 25. Kc2 Rf7 26. Rbe1 Rd8 27. Kb3 g4 28. Re2 Qe5 29. Rh1 Rg8 30. h3 Bxd5 31. exd5 Be3 32. Qb2 Qxb2+ 33. Kxb2 Kg7 34. hxg4 hxg4 35. fxg4 f3 0-1

[Event "Arco op 37th"]
[Site "Arco"]
[Date "2015.10.18"]
[Round "9"]
[White "Vivoda, Sergio"]
[Black "Satter, Manfred"]
[Result "1/2-1/2"]
[WhiteElo "1753"]
[BlackElo "1837"]
[PlyCount "32"]
[EventDate "2015.10.10"]
[EventType "swiss"]
[EventRounds "9"]
[EventCountry "ITA"]
[SourceTitle "CBM 168 Extra"]
[Source "ChessBase"]
[SourceDate "2015.10.29"]
[SourceVersion "1"]
[SourceVersionDate "2015.10.29"]
[SourceQuality "1"]

1. Nf3 c5 2. c4 g6 3. g3 Bg7 4. Bg2 Nf6 5. 0-0 0-0 6. d4 cxd4 7. Nxd4 Nc6 8. Nxc6 bxc6 9. Nc3 Bb7 10. e4 d6 11. f4 Nd7 12. Qc2 Qc7 13. Be3 a6 14. Rac1 Rab8 15. Ba7 Ra8 16. Be3 Rab8 1/2-1/2

[Event "Arco op 37th"]
[Site "Arco"]
[Date "2015.10.15"]
[Round "6"]
[White "Satter, Manfred"]
[Black "Margoni, Casimiro"]
[Result "1/2-1/2"]
[WhiteElo "1837"]
[BlackElo "1762"]
[PlyCount "58"]
[EventDate "2015.10.10"]
[EventType "swiss"]
[EventRounds "9"]
[EventCountry "ITA"]
[SourceTitle "CBM 168 Extra"]
[Source "ChessBase"]
[SourceDate "2015.10.29"]
[SourceVersion "1"]
[SourceVersionDate "2015.10.29"]
[SourceQuality "1"]

1. Nf3 d5 2. c4 Nf6 3. g3 Bf5 4. Bg2 e6 5. 0-0 c6 6. b3 Be7 7. d3 0-0 8. Ba3 Nbd7 9. Bxe7 Qxe7 10. Qc2 Rfd8 11. h3 h6 12. Nbd2 e5 13. cxd5 cxd5 14. Rac1 Rac8 15. Qb2 e4 16. Nd4 Qe5 17. dxe4 Bxe4 18. Nxe4 dxe4 19. e3 Nc5 20. Qe2 Nd3 21. Rxc8 Rxc8 22. Rd1 Nd5 23. f4 Qe7 24. Qd2 Nc3 25. Ra1 g6 26. Bf1 Nd5 27. Bxd3 exd3 28. Qxd3 Qxe3+ 29. Qxe3 Nxe3 1/2-1/2

[Event "Arco op 37th"]
[Site "Arco"]
[Date "2015.10.14"]
[Round "5"]
[White "Bohnstorff, Michael"]
[Black "Satter, Manfred"]
[Result "1-0"]
[WhiteElo "2036"]
[BlackElo "1837"]
[PlyCount "73"]
[EventDate "2015.10.10"]
[EventType "swiss"]
[EventRounds "9"]
[EventCountry "ITA"]
[SourceTitle "CBM 168 Extra"]
[Source "ChessBase"]
[SourceDate "2015.10.29"]
[SourceVersion "1"]
[SourceVersionDate "2015.10.29"]
[SourceQuality "1"]

1. d4 Nf6 2. Nf3 c5 3. c3 g6 4. Bf4 Bg7 5. e3 b6 6. Be2 Bb7 7. Nbd2 0-0 8. 0-0 d6 9. h3 Nc6 10. Qc2 Rc8 11. Bh2 cxd4 12. exd4 Re8 13. Rad1 Qc7 14. Rfe1 Nd5 15. Qb1 a6 16. Bc4 Na5 17. Bf1 Nf6 18. Bd3 Nc6 19. Ne4 Nxe4 20. Bxe4 Nd8 21. Bxb7 Qxb7 22. Bxd6 Nc6 23. Bg3 e6 24. Qe4 Qd7 25. Ne5 Nxe5 26. Bxe5 Qc6 27. Qxc6 Rxc6 28. Bxg7 Kxg7 29. d5 Rd6 30. dxe6 Rxd1 31. Rxd1 Rxe6 32. Kf1 f5 33. Rd7+ Kh6 34. c4 Rc6 35. b3 b5 36. Rd4 bxc4 37. bxc4 1-0

[Event "Arco op 37th"]
[Site "Arco"]
[Date "2015.10.13"]
[Round "4"]
[White "Satter, Manfred"]
[Black "Karl, Hans"]
[Result "1/2-1/2"]
[WhiteElo "1837"]
[BlackElo "2087"]
[PlyCount "33"]
[EventDate "2015.10.10"]
[EventType "swiss"]
[EventRounds "9"]
[EventCountry "ITA"]
[SourceTitle "CBM 168 Extra"]
[Source "ChessBase"]
[SourceDate "2015.10.29"]
[SourceVersion "1"]
[SourceVersionDate "2015.10.29"]
[SourceQuality "1"]

1. Nf3 Nf6 2. c4 g6 3. g3 Bg7 4. Bg2 d6 5. 0-0 0-0 6. Nc3 c6 7. d3 e5 8. Bd2 Qc7 9. Qc1 Re8 10. Rb1 Bg4 11. h3 Bf5 12. Kh2 e4 13. Nh4 Be6 14. Nxe4 Nxe4 15. dxe4 Bf6 16. Nf3 Nd7 17. Ng5 1/2-1/2

[Event "Arco op 37th"]
[Site "Arco"]
[Date "2015.10.11"]
[Round "2"]
[White "Satter, Manfred"]
[Black "Ottaviani, Gianluca"]
[Result "0-1"]
[WhiteElo "1837"]
[BlackElo "1969"]
[PlyCount "80"]
[EventDate "2015.10.10"]
[EventType "swiss"]
[EventRounds "9"]
[EventCountry "ITA"]
[SourceTitle "CBM 168 Extra"]
[Source "ChessBase"]
[SourceDate "2015.10.29"]
[SourceVersion "1"]
[SourceVersionDate "2015.10.29"]
[SourceQuality "1"]

1. Nf3 Nf6 2. c4 e6 3. g3 b6 4. Bg2 Bb7 5. 0-0 Be7 6. d4 0-0 7. Nc3 Ne4 8. Nxe4 Bxe4 9. e3 d5 10. cxd5 Qxd5 11. Nh4 Bxh4 12. Bxe4 Qxe4 13. gxh4 Nd7 14. f3 Qxh4 15. Kh1 Rae8 16. Rg1 f5 17. b3 Nf6 18. Qe2 Rf7 19. Qg2 Nh5 20. Qg5 Qxg5 21. Rxg5 Nf6 22. Bd2 Rd8 23. Re1 Rfd7 24. Rg2 Kf7 25. Bc1 c5 26. Bb2 cxd4 27. Bxd4 Rc8 28. h4 g6 29. Reg1 Nh5 30. Re1 Rdc7 31. f4 Rc2 32. Reg1 Rxg2 33. Rxg2 Nf6 34. Re2 Ne4 35. Kg2 Rc1 36. Rb2 Rd1 37. a3 Rd2+ 38. Rxd2 Nxd2 39. b4 Ke8 40. Bc3 Nc4 0-1